Revista de historia. Tabla de contenido: número 74, 2016
Αποθηκεύτηκε σε:
| Μορφή: | Βιβλίο |
|---|---|
| Γλώσσα: | Spanish |
| Έκδοση: |
Costa Rica
2016
|
| Ετικέτες: |
Προσθήκη ετικέτας
Δεν υπάρχουν, Καταχωρήστε ετικέτα πρώτοι!
|
MARC
| LEADER | 00000nam a22000007a 4500 | ||
|---|---|---|---|
| 003 | cru IIS | ||
| 005 | 20211216151033.0 | ||
| 008 | 211216b2016 cr ||||| |||| 00| 0 spa d | ||
| 040 | |c CRAI UCR | ||
| 245 | |a Revista de historia. Tabla de contenido: número 74, 2016 | ||
| 260 | |a Costa Rica |c 2016 | ||
| 500 | |a Colección Centroamérica | ||
| 505 | |a Salir del desierto. El relevo misional del primer grupo de dominicos en la península de Baja California (1788-1795) Wilfredo Chávez Moreno 13-31 // - Hurgando en las antípodas de la intimidad. Una reflexión sobre la construcción del indio desde la subjetividad ladina en Guatemala: Las líneas de su mano, de Luis Cardoza y Aragón Patricia Alvarenga Venutolo 33-56 // - La formación profesional del clero ante un proyecto eclesiástico en gestación: El caso de Benjamin Núñez y Francisco Herrera (1940-1947) Milton Ariel Brenes Rodríguez 59-67 // - Cambios en el uso de la tierra, urbanización y recurso hídrico. Transformaciones del espacio costero de El Coco, Guanacaste, Costa Rica Lidia Orias Arguedas 71-87 // - Los puentes del río Virilla entre San José y Heredia (Costa Rica) Luís Guillermo Artavia Rodríguez, Jorge León Sáenz 91-112 // - Transformación agroecológica en el cantón de Mora en Costa Rica y emigración indígena huetar (1900-1955) Orlando Amaris Cervantes 115-144 // - Crítica bibliográfca sobre la obra Formación de la clase media en Costa Rica. Economía, sociabilidades y discursos políticos (1890-1950), de George I. García Quesada José M. Cerdas Albertazzi 149-152 // - Comentario al libro Perspectivas interdisciplinarias: Riesgo y vulnerabilidad ante fenómenos hidrometeorológicos, de Ana Yolanda Zúñiga Arias (editora) Anthony Goebel Mc Dermott 155-161 // | ||
| 773 | 0 | |0 40579 |9 1520 |a Universidad Nacional de Costa Rica |d Heredia, Costa Rica: EUNA |o 18222 |t Revista de Historia / |x 10129790 | |
| 942 | |2 ddc |c PP | ||
| 999 | |c 44015 |d 44015 | ||
